| 000 | 00688nam a2200241 a 4500 | ||
|---|---|---|---|
| 001 | BRL_434 | ||
| 005 | 20190320210735.0 | ||
| 008 | 120813s1998----mx-#######---#000-1#spa-# | ||
| 020 | _a9684067577 | ||
| 041 | _aspa | ||
| 044 | _amx | ||
| 050 | 4 |
_aPQ7298.3 _b.T35 1998 |
|
| 100 | 1 |
_aTaibo, Paco Ignacio _cII, _d1949- _923903 |
|
| 245 | 1 | 0 |
_aDías de combate _buna historia de Belascoarán Shayne _cPaco Ignacio Taibo II. |
| 260 |
_aMéxico _bPlaneta _c1998 |
||
| 300 |
_a225, iv p. _c18 cm. |
||
| 500 | _aIncluye dedicatoria para Ruth Lechuga | ||
| 500 | _aAu457 | ||
| 650 | 1 | 4 |
_anovela mexicana _ySiglo XX _923904 |
| 650 | 1 | 4 |
_aNovela policiaca _923905 |
| 902 | _aGRL | ||
| 942 |
_2lcc _cB |
||
| 999 |
_c9246 _d9246 |
||